Statistiche per Paesi più vicini alla Lettonia

Clicka qui per fare il quiz!

Statistiche generali

  • Questo quiz è stato fatto 49 volte
  • Il punteggio medio è 18 su 20

Statistiche sulle risposte

kmpaese% Corretto
0Estonia
100%
497Germania
100%
0Lituania
100%
0Russia
100%
144Svezia
100%
213Finlandia
98%
0Bielorussia
96%
599Norvegia
96%
824Romania
96%
862Austria
91%
190Polonia
91%
467Ucraina
91%
677Cechia
89%
833Ungheria
89%
385Danimarca
87%
808Moldavia
87%
726Slovacchia
87%
1073Slovenia
76%
1102Serbia
71%
942Paesi Bassi
69%

Distribuzione punteggi

Percentile per numero di risposta

Percentuale di utenti per punteggio

I tuoi punteggi nel tempo

Non hai fatto questo quiz